| 000 | 02745nam a22003254i 4500 | ||
|---|---|---|---|
| 001 | 991061305532606706 | ||
| 003 | ES-BaIT | ||
| 005 | 20250611144132.0 | ||
| 008 | 250321s2002 xxu ||||r|||||0|| 0 eng|c | ||
| 010 | _a 2001055193 | ||
| 020 |
_a0691069964 _q(rústica) |
||
| 020 |
_a9780691115726 _q(rústica) |
||
| 040 |
_aES-BaIT _bcat _erda _cES-BaIT |
||
| 080 | _a1 | ||
| 100 | 1 |
_aFisher, Philip, _d1941- _eautor _9166076 |
|
| 245 | 1 | 4 |
_aThe vehement passions / _cPhilip Fischer |
| 264 | 1 |
_aNew Jersey : _bPrincetown University Press, _c2002 |
|
| 300 |
_a268 pàgines; _c23 cm |
||
| 336 |
_atext _btxt _2rdacontent |
||
| 337 |
_asense mediació _bn _2rdamedia |
||
| 338 |
_avolum _bnc _2rdacarrier |
||
| 490 | 1 | _aPrincetown Paperbacks | |
| 504 | _aInclou bibiografia i índex | ||
| 520 | _a"Breaking off the ordinary flow of experience, the passions create a state of exception. In their suddenness and intensity, they map a personal world, fix and qualify our attention, and impel our actions. Outraged anger drives us to write laws that will later be enforced by impersonal justice. Intense grief at the death of someone in our life discloses the contours of that life to us. Wonder spurs scientific inquiry. The strong current of Western thought that idealizes a dispassionate world has ostracized the passions as quaint, even dangerous. Intense states have come to be seen as symptoms of pathology. A fondness for irony along with our civic ideal of tolerance lead us to prefer the diluted emotional life of feelings and moods. Demonstrating enormous intellectual originality and generosity, Philip Fisher meditates on whether this victory is permanent-and how it might diminish us. From Aristotle to Hume to contemporary biology, Fisher finds evidence that the passions have defined a core of human nature no less important than reason or desire. Traversing the Iliad, King Lear, Moby Dick, and other great works, he discerns the properties of the high-spirited states we call the passions. Are vehement states compatible with a culture that values private, selectively shared experiences? How do passions differ from emotions? Does anger have an opposite? Do the passions give scale, shape, and significance to our experience of time? Is a person incapable of anger more dangerous than someone who is irascible? In reintroducing us to our own vehemence, Fisher reminds us that it is only through our strongest passions that we feel the contours of injustice, mortality, loss, and knowledge. It is only through our personal worlds that we can know the world." -- web editor | ||
| 650 | 0 |
_aEmocions (Filosofia) _2lemac _9137719 |
|
| 830 | 0 |
_aPrinceton paperbacks _967924 |
|
| 908 | _aCDMAE | ||
| 940 | _aCDMAE | ||
| 942 |
_2udc _c1 |
||
| 999 |
_c136221 _d136221 |
||